• 首页
  • 本馆介绍
  • 公告通知
  • 最新文献
  • 馆藏检索
  • 电子资源
  • 读者导购
  • 参考咨询
  • 我的图书馆
  • 登录
  • 详细信息显示
  • 放入我的书架
  • 预约/预借图书
  • 作者相关作品
  • 分类相关作品
  • 丛书相关作品
  • 出版社相关作品

书目信息

  • 表格格式
  • 工作单格式
  • 卡片格式
题名:
白色死亡
    
 
作者: 伊林切耶夫 著 ;胡烨 译
分册:  
出版信息: 广州   新世纪出版社  2019
页数: 246页
开本: 23cm
丛书名:
单 册:
中图分类: K512.54
科图分类:
主题词: 苏芬战争(1939)--史料
电子资源:
ISBN: 978-7-5168-2325-5
000 00850nam0 2200241 450
001 2373921465
005 20231021203210.93
010    @a978-7-5168-2325-5@dCNY89.80
100    @a20190612d2019 em y0chiy50 ea
101 1  @achi@crus
102    @aCN@b440000
105    @ay z 000yy
200 1  @a白色死亡@Abai se si wang@e苏芬战争1939-1940@dWar of the white death@eFinland against the Soviet Union@f(俄)拜尔·伊林切耶夫著@g胡烨译@zeng
210    @a广州@c新世纪出版社@d2019
215    @a246页@d23cm
510 1  @aWar of the white death@eFinland against the Soviet Union@zeng
517 1  @a苏芬战争1939-1940@Asu fen zhan zheng 1939-1940
606 0  @a苏芬战争(1939)@x史料
690    @aK512.54@v5
701  1 @c(俄)@a伊林切耶夫@Ayi lin qie ye fu@b拜尔@4著
702  0 @a胡烨@Ahu ye@4译
801  0 @aCN@b91MARC@c20190612
905    @aZUCC@dK512.54@e2
    
    白色死亡:苏芬战争1939-1940=War of the white death:Finland against the Soviet Union/(俄)拜尔·伊林切耶夫著/胡烨译.-广州:新世纪出版社,2019
    246页;23cm
    
    
    ISBN 978-7-5168-2325-5:CNY89.80
    
●
相关链接 在五车中查询图书 在当当中查询图书 在豆瓣中查询图书


正题名:白色死亡     索取号:K512.54/2         预约/预借

序号 登录号 条形码 馆藏地/架位号 状态 备注
1 2001021265   2001021265   第四书库/四33架B面2层6列/ [索取号:K512.54/2] 在馆    
2 2001021266   2001021266   第四书库/四33架B面2层6列/ [索取号:K512.54/2] 在馆    
3 2001021267   2001021267   第四书库/四33架B面2层6列/ [索取号:K512.54/2] 在馆    
4 2001021268   2001021268   第四书库/四33架B面2层6列/ [索取号:K512.54/2] 在馆    
5 2001021269   2001021269   第四书库/四33架B面2层6列/ [索取号:K512.54/2] 在馆    
6 2001021270   2001021270   第四书库/四33架B面2层6列/ [索取号:K512.54/2] 在馆    
山东省滨州职业学院图书馆 欢迎您!
大连网信软件有限公司© 版权所有